<?xml version="1.0" encoding="UTF-8"?>
<record
    xmlns:xsi="http://www.w3.org/2001/XMLSchema-instance"
    xsi:schemaLocation="http://www.loc.gov/MARC21/slim http://www.loc.gov/standards/marcxml/schema/MARC21slim.xsd"
    xmlns="http://www.loc.gov/MARC21/slim">

  <leader>01045cam a2200313 i 4500</leader>
  <controlfield tag="001">19393613</controlfield>
  <controlfield tag="003">OSt</controlfield>
  <controlfield tag="005">20250609152132.0</controlfield>
  <controlfield tag="008">161202s2018    nyu           001 0 eng  </controlfield>
  <datafield tag="010" ind1=" " ind2=" ">
    <subfield code="a">  2016054568</subfield>
  </datafield>
  <datafield tag="020" ind1=" " ind2=" ">
    <subfield code="a">9789356060128</subfield>
  </datafield>
  <datafield tag="020" ind1=" " ind2=" ">
    <subfield code="a">9780134184241 (alk. paper)</subfield>
  </datafield>
  <datafield tag="020" ind1=" " ind2=" ">
    <subfield code="a">0134184246 (alk. paper)</subfield>
  </datafield>
  <datafield tag="020" ind1=" " ind2=" ">
    <subfield code="a">0134167120 (alk. paper)</subfield>
  </datafield>
  <datafield tag="040" ind1=" " ind2=" ">
    <subfield code="a">DLC</subfield>
    <subfield code="b">eng</subfield>
    <subfield code="c">DLC</subfield>
    <subfield code="e">rda</subfield>
    <subfield code="d">DLC</subfield>
  </datafield>
  <datafield tag="042" ind1=" " ind2=" ">
    <subfield code="a">pcc</subfield>
  </datafield>
  <datafield tag="050" ind1="0" ind2="0">
    <subfield code="a">HB172</subfield>
    <subfield code="b">.P53 2018</subfield>
  </datafield>
  <datafield tag="082" ind1="0" ind2="0">
    <subfield code="a">338.5</subfield>
    <subfield code="b">PIN/M</subfield>
  </datafield>
  <datafield tag="100" ind1=" " ind2=" ">
    <subfield code="a">Pindyck, Robert S</subfield>
    <subfield code="e">author.</subfield>
    <subfield code="9">457</subfield>
  </datafield>
  <datafield tag="245" ind1="1" ind2="0">
    <subfield code="a">Microeconomics /</subfield>
    <subfield code="c">Robert S. Pindyck, Massachusetts Institute of Technology, Daniel L. Rubinfeld, University of California, Berkeley.</subfield>
  </datafield>
  <datafield tag="250" ind1=" " ind2=" ">
    <subfield code="a">Ninth Edition.</subfield>
  </datafield>
  <datafield tag="264" ind1=" " ind2="1">
    <subfield code="a">NY, NY :</subfield>
    <subfield code="b">Pearson,</subfield>
    <subfield code="c">[2018]</subfield>
  </datafield>
  <datafield tag="300" ind1=" " ind2=" ">
    <subfield code="a">756 pages ;</subfield>
    <subfield code="c">27 cm</subfield>
  </datafield>
  <datafield tag="500" ind1=" " ind2=" ">
    <subfield code="a">Revised edition of the authors' Microeconomics, c2013.</subfield>
  </datafield>
  <datafield tag="500" ind1=" " ind2=" ">
    <subfield code="a">Includes index.</subfield>
  </datafield>
  <datafield tag="650" ind1=" " ind2="0">
    <subfield code="a">Microeconomics.</subfield>
  </datafield>
  <datafield tag="700" ind1="1" ind2=" ">
    <subfield code="a">Rubinfeld, Daniel L.,</subfield>
    <subfield code="e">author.</subfield>
  </datafield>
  <datafield tag="942" ind1=" " ind2=" ">
    <subfield code="2">ddc</subfield>
    <subfield code="c">BK</subfield>
    <subfield code="h">338.5</subfield>
    <subfield code="i">PIN/M</subfield>
    <subfield code="k">338.5</subfield>
    <subfield code="m">PIN/M</subfield>
  </datafield>
  <datafield tag="952" ind1=" " ind2=" ">
    <subfield code="0">0</subfield>
    <subfield code="1">0</subfield>
    <subfield code="2">ddc</subfield>
    <subfield code="4">0</subfield>
    <subfield code="7">0</subfield>
    <subfield code="8">PRODUCTION</subfield>
    <subfield code="a">MES</subfield>
    <subfield code="b">MES</subfield>
    <subfield code="c">ECO </subfield>
    <subfield code="d">2023-09-02</subfield>
    <subfield code="l">6</subfield>
    <subfield code="m">7</subfield>
    <subfield code="o">338.5 PIN/M</subfield>
    <subfield code="p">42270</subfield>
    <subfield code="r">2025-10-07 11:31:48</subfield>
    <subfield code="s">2025-10-04</subfield>
    <subfield code="v">950.00</subfield>
    <subfield code="w">2023-09-02</subfield>
    <subfield code="y">BK</subfield>
    <subfield code="z">GL7R5</subfield>
  </datafield>
  <datafield tag="952" ind1=" " ind2=" ">
    <subfield code="0">0</subfield>
    <subfield code="1">0</subfield>
    <subfield code="2">ddc</subfield>
    <subfield code="4">0</subfield>
    <subfield code="7">0</subfield>
    <subfield code="8">PRODUCTION</subfield>
    <subfield code="a">MES</subfield>
    <subfield code="b">MES</subfield>
    <subfield code="c">ECO </subfield>
    <subfield code="d">2025-06-09</subfield>
    <subfield code="l">0</subfield>
    <subfield code="o">338.5 PIN/M</subfield>
    <subfield code="p">45338</subfield>
    <subfield code="r">2025-06-09 15:14:24</subfield>
    <subfield code="t">1</subfield>
    <subfield code="w">2025-06-09</subfield>
    <subfield code="y">BK</subfield>
    <subfield code="z">GL7R5</subfield>
  </datafield>
  <datafield tag="952" ind1=" " ind2=" ">
    <subfield code="0">0</subfield>
    <subfield code="1">0</subfield>
    <subfield code="2">ddc</subfield>
    <subfield code="4">0</subfield>
    <subfield code="7">0</subfield>
    <subfield code="8">PRODUCTION</subfield>
    <subfield code="a">MES</subfield>
    <subfield code="b">MES</subfield>
    <subfield code="c">ECO </subfield>
    <subfield code="d">2025-06-09</subfield>
    <subfield code="l">0</subfield>
    <subfield code="o">338.5 PIN/M</subfield>
    <subfield code="p">45339</subfield>
    <subfield code="r">2025-06-09 15:14:24</subfield>
    <subfield code="t">2</subfield>
    <subfield code="w">2025-06-09</subfield>
    <subfield code="y">BK</subfield>
    <subfield code="z">GL7R5</subfield>
  </datafield>
  <datafield tag="952" ind1=" " ind2=" ">
    <subfield code="0">0</subfield>
    <subfield code="1">0</subfield>
    <subfield code="2">ddc</subfield>
    <subfield code="4">0</subfield>
    <subfield code="7">0</subfield>
    <subfield code="8">PRODUCTION</subfield>
    <subfield code="a">MES</subfield>
    <subfield code="b">MES</subfield>
    <subfield code="c">ECO </subfield>
    <subfield code="d">2025-06-09</subfield>
    <subfield code="l">0</subfield>
    <subfield code="o">338.5 PIN/M</subfield>
    <subfield code="p">45340</subfield>
    <subfield code="r">2025-06-09 15:14:24</subfield>
    <subfield code="t">3</subfield>
    <subfield code="w">2025-06-09</subfield>
    <subfield code="y">BK</subfield>
    <subfield code="z">GL7R5</subfield>
  </datafield>
  <datafield tag="952" ind1=" " ind2=" ">
    <subfield code="0">0</subfield>
    <subfield code="1">0</subfield>
    <subfield code="2">ddc</subfield>
    <subfield code="4">0</subfield>
    <subfield code="7">0</subfield>
    <subfield code="8">PRODUCTION</subfield>
    <subfield code="a">MES</subfield>
    <subfield code="b">MES</subfield>
    <subfield code="c">ECO </subfield>
    <subfield code="d">2025-06-09</subfield>
    <subfield code="l">0</subfield>
    <subfield code="o">338.5 PIN/M</subfield>
    <subfield code="p">45341</subfield>
    <subfield code="r">2025-06-09 15:14:24</subfield>
    <subfield code="t">4</subfield>
    <subfield code="w">2025-06-09</subfield>
    <subfield code="y">BK</subfield>
    <subfield code="z">GL7R5</subfield>
  </datafield>
  <datafield tag="952" ind1=" " ind2=" ">
    <subfield code="0">0</subfield>
    <subfield code="1">0</subfield>
    <subfield code="2">ddc</subfield>
    <subfield code="4">0</subfield>
    <subfield code="7">0</subfield>
    <subfield code="8">PRODUCTION</subfield>
    <subfield code="a">MES</subfield>
    <subfield code="b">MES</subfield>
    <subfield code="c">ECO </subfield>
    <subfield code="d">2025-06-09</subfield>
    <subfield code="l">0</subfield>
    <subfield code="o">338.5 PIN/M</subfield>
    <subfield code="p">45342</subfield>
    <subfield code="r">2025-06-09 15:14:24</subfield>
    <subfield code="t">5</subfield>
    <subfield code="w">2025-06-09</subfield>
    <subfield code="y">BK</subfield>
    <subfield code="z">GL7R5</subfield>
  </datafield>
  <datafield tag="952" ind1=" " ind2=" ">
    <subfield code="0">0</subfield>
    <subfield code="1">0</subfield>
    <subfield code="2">ddc</subfield>
    <subfield code="4">0</subfield>
    <subfield code="7">0</subfield>
    <subfield code="8">PRODUCTION</subfield>
    <subfield code="a">MES</subfield>
    <subfield code="b">MES</subfield>
    <subfield code="c">ECO </subfield>
    <subfield code="d">2025-06-09</subfield>
    <subfield code="l">0</subfield>
    <subfield code="o">338.5 PIN/M</subfield>
    <subfield code="p">45343</subfield>
    <subfield code="r">2025-06-09 15:14:24</subfield>
    <subfield code="t">6</subfield>
    <subfield code="w">2025-06-09</subfield>
    <subfield code="y">BK</subfield>
    <subfield code="z">GL7R5</subfield>
  </datafield>
  <datafield tag="952" ind1=" " ind2=" ">
    <subfield code="0">0</subfield>
    <subfield code="1">0</subfield>
    <subfield code="2">ddc</subfield>
    <subfield code="4">0</subfield>
    <subfield code="7">0</subfield>
    <subfield code="8">PRODUCTION</subfield>
    <subfield code="a">MES</subfield>
    <subfield code="b">MES</subfield>
    <subfield code="c">ECO </subfield>
    <subfield code="d">2025-06-09</subfield>
    <subfield code="l">0</subfield>
    <subfield code="o">338.5 PIN/M</subfield>
    <subfield code="p">45344</subfield>
    <subfield code="r">2025-06-09 15:14:24</subfield>
    <subfield code="t">7</subfield>
    <subfield code="w">2025-06-09</subfield>
    <subfield code="y">BK</subfield>
    <subfield code="z">GL7R5</subfield>
  </datafield>
  <datafield tag="952" ind1=" " ind2=" ">
    <subfield code="0">0</subfield>
    <subfield code="1">0</subfield>
    <subfield code="2">ddc</subfield>
    <subfield code="4">0</subfield>
    <subfield code="7">0</subfield>
    <subfield code="8">PRODUCTION</subfield>
    <subfield code="a">MES</subfield>
    <subfield code="b">MES</subfield>
    <subfield code="c">ECO </subfield>
    <subfield code="d">2025-06-09</subfield>
    <subfield code="l">0</subfield>
    <subfield code="o">338.5 PIN/M</subfield>
    <subfield code="p">45345</subfield>
    <subfield code="r">2025-06-09 15:14:24</subfield>
    <subfield code="t">8</subfield>
    <subfield code="w">2025-06-09</subfield>
    <subfield code="y">BK</subfield>
    <subfield code="z">GL7R5</subfield>
  </datafield>
  <datafield tag="952" ind1=" " ind2=" ">
    <subfield code="0">0</subfield>
    <subfield code="1">0</subfield>
    <subfield code="2">ddc</subfield>
    <subfield code="4">0</subfield>
    <subfield code="7">0</subfield>
    <subfield code="8">PRODUCTION</subfield>
    <subfield code="a">MES</subfield>
    <subfield code="b">MES</subfield>
    <subfield code="c">ECO </subfield>
    <subfield code="d">2025-06-09</subfield>
    <subfield code="l">0</subfield>
    <subfield code="o">338.5 PIN/M</subfield>
    <subfield code="p">45346</subfield>
    <subfield code="r">2025-06-09 15:14:24</subfield>
    <subfield code="t">9</subfield>
    <subfield code="w">2025-06-09</subfield>
    <subfield code="y">BK</subfield>
    <subfield code="z">GL7R5</subfield>
  </datafield>
  <datafield tag="952" ind1=" " ind2=" ">
    <subfield code="0">0</subfield>
    <subfield code="1">0</subfield>
    <subfield code="2">ddc</subfield>
    <subfield code="4">0</subfield>
    <subfield code="7">0</subfield>
    <subfield code="8">PRODUCTION</subfield>
    <subfield code="a">MES</subfield>
    <subfield code="b">MES</subfield>
    <subfield code="c">ECO </subfield>
    <subfield code="d">2025-06-09</subfield>
    <subfield code="l">0</subfield>
    <subfield code="o">338.5 PIN/M</subfield>
    <subfield code="p">45347</subfield>
    <subfield code="r">2025-06-09 15:14:24</subfield>
    <subfield code="t">10</subfield>
    <subfield code="w">2025-06-09</subfield>
    <subfield code="y">BK</subfield>
    <subfield code="z">GL7R5</subfield>
  </datafield>
  <datafield tag="952" ind1=" " ind2=" ">
    <subfield code="0">0</subfield>
    <subfield code="1">0</subfield>
    <subfield code="2">ddc</subfield>
    <subfield code="4">0</subfield>
    <subfield code="7">0</subfield>
    <subfield code="8">PRODUCTION</subfield>
    <subfield code="a">MES</subfield>
    <subfield code="b">MES</subfield>
    <subfield code="c">ECO </subfield>
    <subfield code="d">2025-06-09</subfield>
    <subfield code="l">0</subfield>
    <subfield code="o">338.5 PIN/M</subfield>
    <subfield code="p">45348</subfield>
    <subfield code="r">2025-06-09 15:14:24</subfield>
    <subfield code="t">11</subfield>
    <subfield code="w">2025-06-09</subfield>
    <subfield code="y">BK</subfield>
    <subfield code="z">GL7R5</subfield>
  </datafield>
  <datafield tag="952" ind1=" " ind2=" ">
    <subfield code="0">0</subfield>
    <subfield code="1">0</subfield>
    <subfield code="2">ddc</subfield>
    <subfield code="4">0</subfield>
    <subfield code="7">0</subfield>
    <subfield code="8">PRODUCTION</subfield>
    <subfield code="a">MES</subfield>
    <subfield code="b">MES</subfield>
    <subfield code="c">ECO </subfield>
    <subfield code="d">2025-06-09</subfield>
    <subfield code="l">0</subfield>
    <subfield code="o">338.5 PIN/M</subfield>
    <subfield code="p">45349</subfield>
    <subfield code="r">2025-06-09 15:14:24</subfield>
    <subfield code="t">12</subfield>
    <subfield code="w">2025-06-09</subfield>
    <subfield code="y">BK</subfield>
    <subfield code="z">GL7R5</subfield>
  </datafield>
  <datafield tag="952" ind1=" " ind2=" ">
    <subfield code="0">0</subfield>
    <subfield code="1">0</subfield>
    <subfield code="2">ddc</subfield>
    <subfield code="4">0</subfield>
    <subfield code="7">0</subfield>
    <subfield code="8">PRODUCTION</subfield>
    <subfield code="a">MES</subfield>
    <subfield code="b">MES</subfield>
    <subfield code="c">ECO </subfield>
    <subfield code="d">2025-06-09</subfield>
    <subfield code="l">0</subfield>
    <subfield code="o">338.5 PIN/M</subfield>
    <subfield code="p">45350</subfield>
    <subfield code="r">2025-06-09 15:14:24</subfield>
    <subfield code="t">13</subfield>
    <subfield code="w">2025-06-09</subfield>
    <subfield code="y">BK</subfield>
    <subfield code="z">GL7R5</subfield>
  </datafield>
  <datafield tag="952" ind1=" " ind2=" ">
    <subfield code="0">0</subfield>
    <subfield code="1">0</subfield>
    <subfield code="2">ddc</subfield>
    <subfield code="4">0</subfield>
    <subfield code="7">0</subfield>
    <subfield code="8">PRODUCTION</subfield>
    <subfield code="a">MES</subfield>
    <subfield code="b">MES</subfield>
    <subfield code="c">ECO </subfield>
    <subfield code="d">2025-06-09</subfield>
    <subfield code="l">0</subfield>
    <subfield code="o">338.5 PIN/M</subfield>
    <subfield code="p">45351</subfield>
    <subfield code="r">2025-06-09 15:14:24</subfield>
    <subfield code="t">14</subfield>
    <subfield code="w">2025-06-09</subfield>
    <subfield code="y">BK</subfield>
    <subfield code="z">GL7R5</subfield>
  </datafield>
  <datafield tag="952" ind1=" " ind2=" ">
    <subfield code="0">0</subfield>
    <subfield code="1">0</subfield>
    <subfield code="2">ddc</subfield>
    <subfield code="4">0</subfield>
    <subfield code="7">0</subfield>
    <subfield code="8">PRODUCTION</subfield>
    <subfield code="a">MES</subfield>
    <subfield code="b">MES</subfield>
    <subfield code="c">ECO </subfield>
    <subfield code="d">2025-06-09</subfield>
    <subfield code="l">0</subfield>
    <subfield code="o">338.5 PIN/M</subfield>
    <subfield code="p">46011</subfield>
    <subfield code="r">2025-06-09 15:20:30</subfield>
    <subfield code="t">15</subfield>
    <subfield code="w">2025-06-09</subfield>
    <subfield code="y">BK</subfield>
    <subfield code="z">GL7R5</subfield>
  </datafield>
  <datafield tag="952" ind1=" " ind2=" ">
    <subfield code="0">0</subfield>
    <subfield code="1">0</subfield>
    <subfield code="2">ddc</subfield>
    <subfield code="4">0</subfield>
    <subfield code="7">0</subfield>
    <subfield code="8">PRODUCTION</subfield>
    <subfield code="a">MES</subfield>
    <subfield code="b">MES</subfield>
    <subfield code="c">ECO </subfield>
    <subfield code="d">2025-06-09</subfield>
    <subfield code="l">0</subfield>
    <subfield code="o">338.5 PIN/M</subfield>
    <subfield code="p">46012</subfield>
    <subfield code="r">2025-06-09 15:20:30</subfield>
    <subfield code="t">16</subfield>
    <subfield code="w">2025-06-09</subfield>
    <subfield code="y">BK</subfield>
    <subfield code="z">GL7R5</subfield>
  </datafield>
  <datafield tag="999" ind1=" " ind2=" ">
    <subfield code="c">42052</subfield>
    <subfield code="d">42052</subfield>
  </datafield>
</record>
